El archivo y el repertorio: el cuerpo y la memoria cultural en las Américas
Saved in:
| Main Author: | |
|---|---|
| Format: | Book |
| Language: | Spanish |
| Published: |
Santiago
Ediciones Universidad Alberto Hurtado
2015
|
| Edition: | 1a. ed |
| Series: | Colección Antropología
|
| Subjects: | |
| Tags: |
Add Tag
No Tags, Be the first to tag this record!
|
MARC
| LEADER | 00000cam a2200000 a 4500 | ||
|---|---|---|---|
| 001 | UCE7311 | ||
| 003 | CL-VaPUC | ||
| 008 | 150605e20150000cl |||||||||||||||||spa|d | ||
| 020 | |a 9789569320828 | ||
| 082 | 0 | 4 | |a 790.2 |b TAY |2 21 |
| 100 | 0 | |a Taylor, Diana |e author |9 580007 | |
| 245 | 1 | 3 | |a El archivo y el repertorio: el cuerpo y la memoria cultural en las Américas |
| 250 | |a 1a. ed | ||
| 300 | |a 415 p | ||
| 942 | |c BK | ||
| 945 | |d 20150605 14:50:00 |a dcastane | ||
| 260 | |a Santiago |b Ediciones Universidad Alberto Hurtado |c 2015 | ||
| 650 | 0 | |a Performance (Arte) |9 484507 | |
| 650 | 0 | |a Artes escénicas |9 318853 | |
| 650 | 0 | |a Filosofía del arte |9 264951 | |
| 650 | 0 | |a Etnografía |9 309735 | |
| 583 | |a last modification |c 20150605 14:50:00 |k Rodrigo Vera | ||
| 490 | 0 | |a Colección Antropología | |
| 999 | |c 359412 |d 359410 | ||
| 952 | |0 0 |1 0 |3 erb |4 0 |6 790_200000000000000_TAY_2015 |7 0 |8 A |9 468599 |a BIBART |b BIBART |i 5163048 |l 1 |o 790.2 TAY 2015 |p 5163048 |r 2025-04-21 |s 2025-04-21 |w 2019-11-23 |y BK |z Catalogado en:20150605 |k ART | ||